00606nam a2200241Ia 450000500170000000800460001702000180006303700100008104000080009104000080009904000080010704100080011504100080012308400080013110000210013924500460016024500600020626000230026626000090028936500050029836500080030385600530031120260324124839.0008 260324s9999 xx 000 0 eng d a9780203883952 aEBOOK aCRL beng cCRL 2eng aeng qCRL aDewey M. Clayton 4aThe Presidential Campaign of Barack Obama 2bA Critical Analysis of a Racially Transcendent Strategy bTaylor and Francis c2010 a b290 uhttp://www.taylorfrancis.com/books/9780203883952